Open Data Biblioteca Nacional de Portugal


República Portuguesa: Ministério da Cultura
Biblioteca Nacional de Portugal

Catálogo da BNP: acesso por Identificadores Unívocos
Registos Bibliográficos associados ao registo de autoridade

Etiqueta de registo: 00254nam 2200025 450
001 2288972
003 http://id.bnportugal.gov.pt/bib/catbnp/2288972
100 ## $a20260626d1788 m y0pory01030103ba
101 1# $afre$cger
102 ## $aCH$aFR
105 ## $ay z 000yy
106 ## $ar
200 1# $aConsidérations sur les oeuvres de Dieu, dans le règne de la nature et de la Providence$epour tous les jours de l'année$fouvrage traduit de l'Allemand de M. C. C. Sturm.$hTome premier [-troisieme]
210 #9 $aA Geneve$cchez François Dufart...$aet a Paris$cchez Poinçot...,$d1788
215 ## $a3 v.$d12º (17 cm)
314 ## $aSegundo bibliogr., a trad. é de Elisabeth Christine, rainha da Prússia
316 ## $aExemplares em mau estado, com ação de insetos afetando o texto$5PTBN: R. 1927-1929 P.
317 ## $aPert. na pasta anterior: "Do Bispo Inquisidor Geral D. José Maria de Mello" (etiqueta)$5PTBN: R. 1927-1929 P.
317 ## $aPert. manuscrito na f. de rosto do v. 2: "Livr[ari]a da Caza do Esp[iri]to S[an]to de L[i]x[bo]a"$5PTBN: R. 1928 P.
321 ## $aBnF FRBNF31416750
327 11 $aT. 1 : qui comprend les quatre premiers mois de l'année. - xii, 448 p. - Assin.: A-S//12, T//6, V//2 ; T. 2 : qui comprend les mois de Mai, Juin, Juillet et Août. - 475, [1 br.] p. - Assin.: A-T//12, V//8, X//2 ; T. 3 : qui comprend les quatre derniers mois de l'année. - 480 p. - Assin.: A-V//12, X//4, Y//2
620 ## $dGenebra
620 ## $dParis
700 #1 $aSturm,$bChristoph Christian,$f1740-1786$31216696
702 #1 $aElisabeth Christine,$crainha da Prússia,$f1715-1797$4730$32001860
702 #1 $aDufart,$bFrançois,$ffl. 1785-1813$4610$382617
702 #1 $aPoinçot,$bClaude,$ffl. 1781-1802?$4160$3207822
702 #1 $aMelo,$bJosé Maria de,$f1756-1818,$cC.O.$4390$3101412
712 02 $aCongregação do Oratório de São Filipe de Neri.$bCasa do Espírito Santo da Pedreira$c(Lisboa)$4390$3100229
801 #0 $aPT$bBN$gRPC
966 ## $dT. 1$lBN$mFGMON$sR. 1927 P.
966 ## $dT. 2$lBN$mFGMON$sR. 1928 P.
966 ## $dT. 3$lBN$mFGMON$sR. 1929 P.
971 ## $cpmesqui$d20260626
997 ## $aBIBEOD

OpendataBNP@bnportugal.pt | Mais informação sobre acesso aos dados BNP